000 00376 a2200121 4500
020 _a0415280923
082 _a624.17121 GHA
100 _aGhali, A.
245 _aStructural Analysis : A Unified Classical and Matrix Approach/
_cA. Ghali, A. M. Neville, T. G. Brown
250 _a5th ed
260 _aLondon :
_bSPONS Press,
_c2003
300 _axxiii, 844p. :
_bill. ;
_c25 cm
650 _aStructural Analysis
999 _c1260
_d1260